Has New Deal planning been a success? (Record no. 7050)

MARC details
000 -CABECERA
campo de control de longitud fija 00716nam a2200229 a 4500
001 - NÚMERO DE CONTROL
campo de control BRCA_7374
005 - FECHA Y HORA DE LA ÚLTIMA TRANSACCIÓN
campo de control 20190320205819.0
008 - DATOS DE LONGITUD FIJA--INFORMACIÓN GENERAL
campo de control de longitud fija 090313s1946----u--a######---#000-0#eng-#
041 ## - CÓDIGO DE LENGUA
Código de lengua del texto/banda sonora o título independiente eng
044 ## - CÓDIGO DEL PAÍS DE LA ENTIDAD EDITORA/PRODUCTORA
Código MARC del país u
050 #4 - SIGNATURA TOPOGRÁFICA DE LA BIBLIOTECA DEL CONGRESO
Número de clasificación HG3851
Número de documento/Ítem .A53 1946
100 1# - ENTRADA PRINCIPAL--NOMBRE DE PERSONA
Nombre de persona Anderson, Benjamín M.
9 (RLIN) 18215
245 10 - MENCIÓN DE TÍTULO
Título Has New Deal planning been a success?
Mención de responsabilidad, etc. Benjamín M. Anderson.
260 ## - PUBLICACIÓN, DISTRIBUCIÓN, ETC.
Lugar de publicación, distribución, etc. Los Ángeles, California
Nombre del editor, distribuidor, etc. Capital Research Co.
Fecha de publicación, distribución, etc. 1946
300 ## - DESCRIPCIÓN FÍSICA
Extensión 11 p.
Otras características físicas il., retratos
500 ## - NOTA GENERAL
Nota general Reprinted from The Commercial and Financial Chronicle, october 31, 1946
500 ## - NOTA GENERAL
Nota general Q72
650 14 - PUNTO DE ACCESO ADICIONAL DE MATERIA--TÉRMINO DE MATERIA
Término de materia o nombre geográfico como elemento de entrada Finanzas
Subdivisión geográfica Estados Unidos
9 (RLIN) 6161
651 #4 - PUNTO DE ACCESO ADICIONAL DE MATERIA--NOMBRE GEOGRÁFICO
Nombre geográfico Estados Unidos
Subdivisión general Política económica
9 (RLIN) 6162
902 ## - CATALOGADOR
Iniciales GFM
942 ## - ELEMENTOS DE PUNTO DE ACCESO ADICIONAL (KOHA)
Fuente del sistema de clasificación o colocación Library of Congress Classification
Tipo de ítem Koha Libros
Holdings
Estado de retiro Estado de pérdida Estado dañado No para préstamo Localización permanente Ubicación/localización actual Fecha de adquisición Número de inventario Total de préstamos Signatura topográfica completa Código de barras Fecha visto por última vez Precio válido a partir de Tipo de ítem Koha
El ejemplar forma parte de la colección y puede ser consultado según las políticas vigentes.       Biblioteca del Museo Franz Mayer (Rogerio Casas-Alatriste) Biblioteca del Museo Franz Mayer (Rogerio Casas-Alatriste) 09/03/2013 Q72   HG3851 .A53 1946 (Q72) 7971 22/03/2019 22/03/2019 Libros